|
|
|
|
| LEADER |
00000nlm0a2200000 4500 |
| 001 |
638516 |
| 005 |
20240117141637.0 |
| 035 |
|
|
|a (RuTPU)RU\TPU\network\2881
|
| 090 |
|
|
|a 638516
|
| 100 |
|
|
|a 20150128a2010 k y0rusy50 ca
|
| 101 |
0 |
|
|a rus
|
| 102 |
|
|
|a RU
|
| 105 |
|
|
|a y z 000zy
|
| 135 |
|
|
|a drcn ---uucaa
|
| 181 |
|
0 |
|a i
|
| 182 |
|
0 |
|a b
|
| 200 |
1 |
|
|a Анализ результатов государственной итоговой аттестации выпускников 2010 года общеобразовательных учреждений Томской области
|e информационно-аналитический отчет и методические рекомендации
|f Е. Г. Агафонова, Т. Л. Владимирова, Т. Л. Воробьева [и др.]
|g Центр оценки качества образования Томского областного института повышения квалификации и переподготовки работников образования ; под ред. П. И. Горлова
|
| 203 |
|
|
|a Текст
|c электронный
|
| 210 |
|
|
|a Томск
|c Дельтаплан
|d 2010
|
| 300 |
|
|
|a Заглавие с титульного экрана
|
| 606 |
1 |
|
|a Учебно-воспитательная работа в школе
|2 stltpush
|3 (RuTPU)RU\TPU\subj\63491
|9 80515
|
| 610 |
1 |
|
|a электронный ресурс
|
| 610 |
1 |
|
|a труды учёных ТПУ
|
| 610 |
1 |
|
|a государственная аттестация
|
| 686 |
|
|
|a Ч42
|2 rubbk
|
| 701 |
|
1 |
|a Агафонова
|b Е. Г.
|
| 701 |
|
1 |
|a Владимирова
|b Т. Л.
|c филолог
|c доцент Томского политехнического университета, кандидат филологических наук
|f 1975-
|g Татьяна Леонидовна
|3 (RuTPU)RU\TPU\pers\24593
|9 10891
|
| 701 |
|
1 |
|a Воробьева
|b Т. Л.
|
| 701 |
|
1 |
|a Горбачева
|b И. Ф.
|
| 701 |
|
1 |
|a Илюхин
|b Б. В.
|c специалист в области инженерной педагогики
|c доцент Томского политехнического университета
|g Борис Валентинович
|3 (RuTPU)RU\TPU\pers\29357
|
| 701 |
|
1 |
|a Князева
|b Е. М.
|c химик
|c доцент Томского политехнического университета, кандидат химических наук
|f 1956-
|g Елена Михайловна
|3 (RuTPU)RU\TPU\pers\26753
|
| 701 |
|
1 |
|a Круглова
|b Л. В.
|
| 701 |
|
1 |
|a Лепустин
|b А. В.
|c специалист в области информатики и вычислительной техники
|c старший преподаватель Томского политехнического университета
|f 1984-
|g Алексей Владимирович
|3 (RuTPU)RU\TPU\pers\30289
|
| 701 |
|
1 |
|a Малярова
|b С. Г.
|
| 701 |
|
1 |
|a Назаров
|b П. А.
|
| 701 |
|
1 |
|a Петрашова
|b Т. Г.
|c лингвист
|c доцент Томского политехнического университета, кандидат филологических наук
|f 1962-
|g Тамара Георгиевна
|3 (RuTPU)RU\TPU\pers\24558
|
| 701 |
|
1 |
|a Петрова
|b Т. Г.
|
| 701 |
|
1 |
|a Пономарева
|b Е. Н.
|
| 701 |
|
1 |
|a Розина
|b А. В.
|
| 701 |
|
1 |
|a Ромашова
|b Т. В.
|
| 701 |
|
1 |
|a Ростовцева
|b В. М.
|c лингвист
|c доцент Томского политехнического университета, кандидат педагогических наук
|f 1956-
|g Вероника Михайловна
|3 (RuTPU)RU\TPU\pers\24755
|9 10996
|
| 701 |
|
1 |
|a Семенюк
|b Е. В.
|
| 701 |
|
1 |
|a Смыслова
|b Е. В.
|
| 701 |
|
1 |
|a Соколов
|b Б. В.
|
| 701 |
|
1 |
|a Соколова
|b О. В.
|
| 701 |
|
1 |
|a Степико
|b Ю. С.
|
| 701 |
|
1 |
|a Сыров
|b В. Н.
|
| 701 |
|
1 |
|a Талейко
|b Е. В.
|
| 701 |
|
1 |
|a Ющенко
|b О. И.
|
| 701 |
|
1 |
|a Ашурова
|b Н. И.
|
| 701 |
|
1 |
|a Домбровская
|b Т. В.
|
| 701 |
|
1 |
|a Зальмеж
|b В. Ф.
|c математик
|c доцент Томского политехнического университета, кандидат физико-математических наук
|f 1957-
|g Владимир Феликсович
|3 (RuTPU)RU\TPU\pers\27496
|9 12750
|
| 701 |
|
1 |
|a Клименко
|b Н. Н.
|
| 702 |
|
1 |
|a Горлов
|b П. И.
|4 340
|
| 712 |
0 |
2 |
|a Центр оценки качества образования Томского областного института повышения квалификации и переподготовки работников образования
|4 570
|
| 801 |
|
2 |
|a RU
|b 63413507
|c 20220620
|g RCR
|
| 856 |
4 |
|
|u http://coko.tomsk.ru/files/reports/analit-ege-2010.pdf
|
| 856 |
4 |
|
|u http://coko.tomsk.ru/files/reports/analit-gia-2010.pdf
|
| 942 |
|
|
|c CF
|